|
|
|
|
| LEADER |
01762nam a2200457 a 4500 |
| 001 |
000744398 |
| 003 |
CZ BrMZK |
| 005 |
20191209142140.0 |
| 007 |
ta |
| 008 |
041019s2004 xr a er 001 0 cze d |
| 015 |
|
|
|a cnb001447794
|
| 020 |
|
|
|a 80-7248-259-9
|q (brož.)
|
| 035 |
|
|
|a (OCoLC)85121727
|
| 040 |
|
|
|a BOA001
|b cze
|
| 043 |
|
|
|a e-xr---
|
| 072 |
|
7 |
|a 658
|x Řízení a správa podniku
|2 Konspekt
|9 4
|
| 080 |
|
|
|a 334.012.63/.64
|2 MRF
|
| 080 |
|
|
|a 658
|2 MRF
|
| 080 |
|
|
|a 005.32
|2 MRF
|
| 080 |
|
|
|a 005.56
|2 MRF
|
| 080 |
|
|
|a (437.3)
|2 MRF
|
| 080 |
|
|
|a (048.8)
|2 MRF
|
| 100 |
1 |
|
|a Lednický, Václav,
|d 1941-
|7 mzk2003175303
|4 aut
|
| 245 |
1 |
0 |
|a Kooperační struktury malých a středních podniků /
|c Václav Lednický, Jiří Vaněk
|
| 260 |
|
|
|a V Karviné :
|b Slezská univerzita v Opavě, Obchodně podnikatelská fakulta v Karviné,
|c 2004
|
| 300 |
|
|
|a 191 s. :
|b il. ;
|c 24 cm
|
| 490 |
1 |
|
|a Studia oeconomica
|
| 500 |
|
|
|a Dostupné též v digitální podobě v aplikaci Kramerius
|
| 504 |
|
|
|a Obsahuje bibliografie a rejstřík
|
| 650 |
0 |
7 |
|a malé a střední podniky
|7 ph115211
|2 czenas
|
| 650 |
0 |
7 |
|a malé a střední podniky
|7 ph115211
|z Česko
|2 czenas
|
| 650 |
0 |
7 |
|a podnikový management
|7 ph115763
|2 czenas
|
| 650 |
0 |
7 |
|a organizační chování
|7 ph115603
|2 czenas
|
| 650 |
0 |
7 |
|a kooperace podniků
|7 ph269100
|2 czenas
|
| 655 |
|
7 |
|a studie
|7 fd133597
|2 czenas
|
| 700 |
1 |
|
|a Vaněk, Jiří,
|d 1959-
|7 jn20001227165
|4 aut
|
| 830 |
|
0 |
|a Studia oeconomica
|
| 856 |
4 |
1 |
|u http://www.digitalniknihovna.cz/mzk/uuid/uuid:59b7e120-fcb2-11e6-aa6c-005056827e52
|y Digitalizovaný dokument
|x NDK
|
| 910 |
|
|
|a BOA001
|b 2-1141.258
|
| 990 |
|
|
|a BK
|
| 996 |
6 |
|
|b 2610230504
|c 2-1141.258
|l MZK
|r Sklad / do 1 hodiny
|n 2
|p p.v.
|w 000744398
|u 000010
|a 1
|e BOA001
|j MZK50
|s P
|